export_success — 

Hungary : lonely planet.

Bibliographic Details
Format: Book
Published: Victoria: Lonely Planet Publications, 2013.
Edition:7th ed..
Series:Lonely planet
Subjects:
LEADER 00489cam a2200169 7i4500
001 0000030966
005 20140425090000.0
020 0 0 |a 9781741795684  
090 0 0 |a HUNG 910.202   |b HUN 
245 0 0 |a Hungary :   |b lonely planet. 
250 0 0 |a 7th ed.. 
260 0 0 |a Victoria:   |b Lonely Planet Publications,   |c 2013. 
300 # # |a 335 p. 
440 0 0 |a Lonely planet 
650 0 0 |a HungaryDescription and travel --   |x Guidebook  
651 0 0 |a Hungary  
999 |a B000034259  |b Book  |c Countries  |e Business Information Centre